Statistics for US States Bordering an "N-State"

Click here to take the quiz!

General Stats

  • This quiz has been taken 55 times
  • The average score is 32 of 34

Answer Stats

Given StateBordering States% Correct
South Carolina
100%
South Dakota
100%
Pennsylvania
100%
California
100%
Vermont
98%
Utah
98%
Texas
98%
New HamsphireMaine
98%
Virginia
96%
Montana
96%
Nevada | New MexicoArizona
96%
Oregon
94%
North DakotaMinnesota
94%
Wyoming
94%
| NebraskaColorado
94%
New York
92%
Oklahoma
92%
New YorkConnecticut
92%
Tennessee
92%
Kansas
92%
Massachusetts
92%
Iowa
90%
Idaho
90%
New JerseyDelaware
88%
New Jersey
88%
Missouri
88%
North CarolinaGeorgia
78%

Score Distribution

Percentile by Number Answered

Percent of People with Each Score

Your Score History

You have not taken this quiz